Cybersecurity for Industrial Control Systems: SCADA, DCS, PLC, HMI, and SIS

Saved in:
Bibliografiske detaljer
Hovedforfatter: Macaulay
Format: Bog
Udgivet: CRC Press
Tags: Tilføj Tag
Ingen Tags, Vær først til at tagge denne postø!

MARC

LEADER 00000nam a2200000Ia 4500
005 20260513122051.0
020 |a 9781041324379 
100 |a Macaulay 
365 |c Rs. 
365 |b 20.00 
942 |c BK 
245 |a Cybersecurity for Industrial Control Systems: SCADA, DCS, PLC, HMI, and SIS 
260 |b CRC Press 
999 |c 60  |d 60 
952 |0 0  |1 0  |4 0  |7 0  |a UNSW  |b UNSW  |d 2026-05-08  |g 1295.00  |i 16698  |l 0  |p 000159  |r 2026-05-13 12:20:51  |v 1295.00  |w 2026-05-13  |y BK